Best Scorer in Champions League - Statistiques

Statistiques générales
  • Ce quiz a été pris 143 fois
  • Le résultat moyen est 23 sur 37
Statistiques - réponses
Season Team Goals Players % Correct
2007-2008 Manchester United 8 Cristiano Ronaldo
100%
2012-2013 Real Madrid 12 Cristiano Ronaldo
100%
2013-2014 Real Madrid 17 Cristiano Ronaldo
100%
2014-2015 Real Madrid 10 Cristiano Ronaldo
100%
2015-2016 Real Madrid 16 Cristiano Ronaldo
100%
2016-2017 Real Madrid 12 Cristiano Ronaldo
100%
2017-2018 Real Madrid 15 Cristiano Ronaldo
100%
2008-2009 FC Barcelone 9 Lionel Messi
98%
2009-2010 FC Barcelone 8 Lionel Messi
98%
2010-2011 FC Barcelone 12 Lionel Messi
98%
2011-2012 FC Barcelone 14 Lionel Messi
98%
2014-2015 FC Barcelone 10 Lionel Messi
98%
2018-2019 FC Barcelone 12 Lionel Messi
98%
2021-2022 Real Madrid 15 Karim Benzema
91%
2019-2020 Bayern Munich 15 Robert Lewandowski
91%
2020-2021 Borussia Dortmund 10 Erling Haaland
90%
2022-2023 Manchester City 12* Erling Haaland
90%
2014-2015 FC Barcelone 10 Neymar
90%
2006-2007 AC Milan 10 Kaká
64%
1999-2000 Real Madrid 10 Raúl
55%
2000-2001 Real Madrid 7 Raúl
55%
2001-2002 Manchester United 10 Ruud van Nistelrooy
44%
2002-2003 Manchester United 12 Ruud van Nistelrooy
44%
2004-2005 Manchester United 8 Ruud van Nistelrooy
44%
1998-1999 Dynamo Kiev 8 Andriy Shevchenko
41%
2005-2006 AC Milan 9 Andriy Shevchenko
41%
1999-2000 FC Barcelone 10 Rivaldo
39%
1997-1998 Juventus 10 Alessandro Del Piero
37%
1994-1995 Paris Saint Germain 7 George Weah
30%
2003-2004 AS Monaco 9 Fernando Morientes
25%
1992-1993 PSV Eindhoven 7 Romário
13%
1998-1999 Manchester United 8 Dwight Yorke
9%
1993-1994 FC Barcelone 8 Ronald Koeman
9%
1999-2000 FC Porto 10 Mário Jardel
6%
1995-1996 Ajax Amsterdam 9 Jari Litmanen
4%
1996-1997 Atlético Madrid 5 Milinko Pantić
2%
1993-1994 Werder Brême 8 Wynton Rufer
2%
Aucun quiz correspondant
Distribution des résultats
% des personnes avec chaque résultat
Percentile par nombre de réponses
Votre historique - résultats
Vous n’avez pas pris ce quiz